000 00322nam a2200145Ia 4500
008 241014s9999||||xx |||||||||||||| ||und||
020 _a_
060 _aHF562W
100 _aWarren, Carl S.
245 0 _aAccounting
250 _a22nd Edition
260 _bMC Graw- Hill
650 _aAccounting
942 _bIBHM
_cBK
999 _c15916
_d15916